Sow and piglet raising at the pig atation of R.U.A, ការចិញ្ចឹមមេជ្រូកផើម និងកូនជ្រូក នៅស្ថានីយ៍ចិញ្ចឹមជ្រូក នៃសាកលវីទ្យាល័យភូមិន្ធកសិកម្ម. (Record no. 2077)
[ view plain ]
| 000 -LEADER | |
|---|---|
| fixed length control field | 00660nam a22001577a 4500 |
| 003 - CONTROL NUMBER IDENTIFIER | |
| control field | OSt |
| 005 - DATE AND TIME OF LATEST TRANSACTION | |
| control field | 20151006155906.0 |
| 008 - FIXED-LENGTH DATA ELEMENTS--GENERAL INFORMATION | |
| fixed length control field | 151006b xxu||||| |||| 00| 0 eng d |
| 040 ## - CATALOGING SOURCE | |
| Transcribing agency | RUA |
| 082 ## - DEWEY DECIMAL CLASSIFICATION NUMBER | |
| Classification number | AVM HEN 1997 B070 Or.1 |
| 100 ## - MAIN ENTRY--PERSONAL NAME | |
| 9 (RLIN) | 2205 |
| Personal name | HENG, KING. |
| 245 ## - TITLE STATEMENT | |
| Title | Sow and piglet raising at the pig atation of R.U.A, ការចិញ្ចឹមមេជ្រូកផើម និងកូនជ្រូក នៅស្ថានីយ៍ចិញ្ចឹមជ្រូក នៃសាកលវីទ្យាល័យភូមិន្ធកសិកម្ម. |
| 260 ## - PUBLICATION, DISTRIBUTION, ETC. (IMPRINT) | |
| Place of publication, distribution, etc. | phnom phen |
| Name of publisher, distributor, etc. | RUA |
| Date of publication, distribution, etc. | 1997 |
| 300 ## - PHYSICAL DESCRIPTION | |
| Extent | 59p. |
| Other physical details | ill. |
| Dimensions | 29cm. |
| 942 ## - ADDED ENTRY ELEMENTS (KOHA) | |
| Source of classification or shelving scheme | |
| Koha item type | AVM |
No items available.